Quizzes
Events
Quiz Creation
Community
Videos
Private Events
Remove Ads
Sign In
Join for FREE
Feedback
Dark Mode
Quiz Categories
Sports
Geography
Music
Movies
Television
Just For Fun
Miscellaneous
History
Literature
Language
Science
Gaming
Entertainment
Religion
Holiday
For Kids
Quiz Lab
Recent
Popular Today
Quiz Kudos Today
Editor Picks
Curator Picks
Quizzes by...
Day
Popularity
Type
Ratings
Length
Year
Community
Subscriptions
Recent Discussions
Orange Saloon
Badges
Playlists
Quests
Create
Leaderboards
Showdown
Live 5
Trivia Bingo
Activity
Puzzle Library
Sporcle Events
Private Events
Virtual Trivia
Globe League
Become a Host
Pub Owners
SporcleCon
Opinionation
Our Games
Videos
Blog
Mobile Apps
Partnerships
Remove Ads and Go Orange
Feedback
Sports
Athletes
MLB
NBA
NHL
NFL
Soccer
Sports Teams
WWE
NCAA
Football
Premier League
Basketball
Baseball
Hockey
Golf
Tennis
Cricket
Rugby
Auto Racing
Olympics
World Cup
Sports
Athletes
MLB
NBA
NHL
NFL
Soccer
Sports Teams
WWE
NCAA
Football
Premier League
Basketball
Baseball
Hockey
Golf
Tennis
Cricket
Rugby
Auto Racing
Olympics
World Cup
Random Quiz
Search Sporcle
×
Quiz Lab
Quiz Lab
Sports
Cars
Type in answers that appear in a list
Type in answers that appear in a list
Classic
Best Score? Go Orange.
Winners of the 24 Hours of Le Mans Stats
Can you name the Winners of the 24 Hours of Le Mans?
By
Dirtc
8m
77 Questions
557 Plays
557 Plays
557 Plays
Comments
Comments
Give Quiz Kudos
Give Quiz Kudos
-
- Ratings
hide this ad
Replay
Link that replays current quiz
Next Quiz
Link to next quiz in quiz playlist
You Got
0%
They Got
Avg Score
81%
Avg Friend Score
Upgrade to see
Score Distribution
Jump to the score distribution portion of the page
Score
0/77
Timer
08:00
0
Plays Today
Year
Car Manufacturer
% Correct
2000
Audi
96.9%
2001
Audi
96.9%
2002
Audi
96.9%
2004
Audi
96.9%
2005
Audi
96.9%
2006
Audi
96.9%
2007
Audi
96.9%
2008
Audi
96.9%
1972
Porsche
96.6%
1973
Porsche
96.6%
1976
Porsche
96.6%
1977
Porsche
96.6%
1979
Porsche
96.6%
1981
Porsche
96.6%
1982
Porsche
96.6%
1983
Porsche
96.6%
1984
Porsche
96.6%
1985
Porsche
96.6%
1986
Porsche
96.6%
1993
Porsche
96.6%
1995
Porsche
96.6%
1996
Porsche
96.6%
1997
Porsche
96.6%
1998
Porsche
96.6%
1949
Ferrari
95.5%
1954
Ferrari
95.5%
1958
Ferrari
95.5%
1960
Ferrari
95.5%
1961
Ferrari
95.5%
1962
Ferrari
95.5%
1963
Ferrari
95.5%
1964
Ferrari
95.5%
1965
Ferrari
95.5%
1966
Ferrari
95.5%
1967
Ferrari
95.5%
1991
Peugeot
89.9%
1992
Peugeot
89.9%
2009
Peugeot
89.9%
1968
Ford
88.9%
Year
Car Manufacturer
% Correct
1969
Ford
88.9%
1970
Ford
88.9%
1971
Ford
88.9%
1929
Bentley
88.2%
1930
Bentley
88.2%
2003
Bentley
88.2%
1928
Bentley
88.2%
1927
Bentley
88.2%
1924
Bentley
88.2%
1988
Mercedes
86.2%
1952
Mercedes Benz
85.5%
1951
Jaguar
83.7%
1953
Jaguar
83.7%
1955
Jaguar
83.7%
1956
Jaguar
83.7%
1957
Jaguar
83.7%
1987
Jaguar
83.7%
1989
Jaguar
83.7%
1999
BMW
82.4%
1990
Mazda
72%
1978
Renault
70.7%
1931
Alfa Romeo
68.2%
1932
Alfa Romeo
68.2%
1933
Alfa Romeo
68.2%
1934
Alfa Romeo
68.2%
1959
Aston Martin
65.5%
1994
McLaren
64.8%
1937
Bugatti
60.3%
1939
Bugatti
60.3%
1974
Matra Simcams
53%
1975
Matra Simcams
53%
1980
Rondeau
34.3%
1950
Talbot
31.8%
1935
Lagonda
22.3%
1938
Delahaye
20.3%
1926
Lorraine Dietrich
19.7%
1925
Lorraine Dietrich
19.7%
1923
Chenard & Walker
17.8%
Quiz Playlist
Details
Report
Send in Message
Add To Playlist
Classic:
Type in answers that appear in a list
Quiz Source
Last Updated: Aug 7, 2017
Quiz Scoreboard
CHALLENGE
Sign Up to Join the Scoreboard
Show All
Scores
Hide
Comments
May contain spoilers
Recently Published
TV Characters by Other Roles V
by ghcgh
Television
5m
Decade Duel: World Leaders
by jenniferyan
History
4m
Alphabetical 'K' Countries by Flag Minefield
by ylime102
Geography
3m
More to Explore
Quiz From the Vault
Featured Blog Post
15 Basketball Trivia Facts You Can Be March Mad About
hide this ad
You Might Also Like...
Tags
Cars Quiz
24 Hours
car
hour
Le Mans
Man
Manufacturer
Winner
Today's Top Quizzes in Sports
Browse Sports
hide this ad
Today's Top Quizzes in Cars
Browse Cars
Top Contributed Quizzes in Sports
1
Les joueurs à 100 buts en Ligue 1 Uber Eats
2
2022 World Cup Stars
3
Pick 6: NFL Teams
4
MLB 2 truths and a lie: Hall of Fame pitchers
5
Pick 6: Minor League Baseball
6
Millionaire: NBA Finals Edition
7
Pick 6: Olympics
8
50+ Goals in European Competition
9
Click the 1998 NBA Draft
10
Iconic Moments in Football - Multiple Choice
Explore More
Trending Topics
Anime
Kpop
NBA
Crossword
Disney
Marvel
Harry Potter
Soccer
The Office
Pokémon
WWE
Song
Country
Puzzle
NFL
hide this ad
More By:
Dirtc
Quiz
Plays
Rating
Category
Featured
Created
What Grease Is
1,036
4.43
Music
May 24, 2013
Olympic Medal Count Winners
698
4.00
Sports
Feb 21, 2010
Winners of the 24 Hours of Le Mans
557
2.13
Sports
Apr 12, 2010
Famous Cars in Movies
406
2.20
Movies
Jan 2, 2010
Country Quiz: Swaziland
384
4.20
Geography
Nov 19, 2010
Go to Creator's Profile
Score Distribution
Quiz Creator Spotlight
Dirtc
Follow
Send a Message
Quizzes Created
-
Created Quiz Play Count
-
More By This Creator
Popular Quizzes Today
1
Countries of Asia Without Outlines Minefield
2
Find the US States - No Outlines Minefield
3
Pick 6: Fruits
4
The Countries of the World
5
Find the Countries of Europe - No Outlines Minefield
6
Alphabetical 'K' Countries by Flag Minefield
7
US States
8
Find the US States
More Sports Quizzes
NBA Central Division Starters of the 2000's
Quiz Lab
Trending Quizzes
Pick 6: Mountains
Pick 6: Harry Potter
Pick 6: Flags
Pick 6: NFL Teams
C Names for Actors
Recently Updated
Adaptations: Name the Title
pecheneg
NWSL Teams
pecheneg
Women's Final Four Teams by Year
bhenderson79
Presidents Quartet II
eogle
Anything But Clue(do)
eogle
Anything But Oceanian Capitals
eogle
Anything But 7
eogle
Anything But Thing
eogle
Word Ladder: February 29
pecheneg
Song Title Questions
pecheneg
Trending Topics
Harry Potter
Marvel
Disney
Kpop
Anime
NBA
Crossword
WWE
Soccer
Country
Song
The Office
Pokémon
NFL
Puzzle
Your Account Isn't Verified!
In order to create a playlist on Sporcle, you need to verify the email address you used during registration. Go to your
Sporcle Settings
to finish the process.
Report this User
Report this user for behavior that violates our
Community Guidelines
.
Details:
Send Report
Go to the Sporcle.com Mobile Site →
Comments